[Event "ODJM A 2019"]
[Site "Willingen GER"]
[Date "2019.06.15"]
[Round "9"]
[White "Weber, Samuel"]
[Black "Holtel, Jasper"]
[Result "0-1"]
[Termination "normal"]
[Board "1"]
[BlackTitle "FM"]
[WhiteElo "2160"]
[BlackElo "2272"]
[WhiteClock "00:13:07"]
[BlackClock "00:30:03"]
[PlyCount "106"]
[WhiteFideId "12924008"]
[BlackFideId "12956376"]
[EventCountry "GER"]
[EventRounds "9"]
[EventType "swiss"]
[EventDate "2019.06.08"]

1. e4 {[%clk 1:30:56]} 1... c5 {[%clk 1:23:42]} 2. Nf3 {[%clk 1:31:16]} 2... d6
{[%clk 1:24:07]} 3. g3 {[%clk 1:30:47]} 3... Nf6 {[%clk 1:24:20]} 4. d3 { [%clk
1:31:05]} 4... e5 {[%clk 1:24:44]} 5. Bg2 {[%clk 1:31:22]} 5... h6 { [%clk
1:25:07]} 6. O-O {[%clk 1:29:24]} 6... Be7 {[%clk 1:24:38]} 7. Nc3 { [%clk
1:26:00]} 7... O-O {[%clk 1:21:41]} 8. h3 {[%clk 1:17:51]} 8... Be6 { [%clk
1:01:10]} 9. Nd2 {[%clk 1:12:41]} 9... Qd7 {[%clk 0:47:36]} 10. Kh2 { [%clk
1:10:52]} 10... d5 {[%clk 0:47:20]} 11. exd5 {[%clk 1:08:56]} 11... Nxd5 {[%clk
0:45:44]} 12. Nxd5 {[%clk 1:03:49]} 12... Bxd5 {[%clk 0:44:14]} 13. Nc4 {[%clk
0:53:15]} 13... Nc6 {[%clk 0:43:02]} 14. Re1 {[%clk 0:45:13]} 14... Bxg2 {[%clk
0:38:14]} 15. Kxg2 {[%clk 0:45:29]} 15... Qd5+ {[%clk 0:38:14]} 16. f3 { [%clk
0:36:46]} 16... f5 {[%clk 0:26:49]} 17. Be3 {[%clk 0:30:31]} 17... Rad8 { [%clk
0:25:53]} 18. Bf2 {[%clk 0:27:09]} 18... b6 {[%clk 0:24:01]} 19. Qe2 { [%clk
0:22:53]} 19... Bf6 {[%clk 0:24:18]} 20. a4 {[%clk 0:19:31]} 20... Kh7 { [%clk
0:21:35]} 21. Rad1 {[%clk 0:19:45]} 21... g6 {[%clk 0:21:03]} 22. c3 { [%clk
0:18:51]} 22... Rfe8 {[%clk 0:20:59]} 23. Kh2 {[%clk 0:17:36]} 23... Re7 {[%clk
0:18:29]} 24. Ne3 {[%clk 0:14:45]} 24... Qd7 {[%clk 0:18:24]} 25. Qc2 { [%clk
0:14:44]} 25... Bg7 {[%clk 0:16:31]} 26. Nc4 {[%clk 0:13:09]} 26... Qd5 { [%clk
0:12:11]} 27. Qe2 {[%clk 0:13:00]} 27... Rde8 {[%clk 0:12:18]} 28. Bg1 { [%clk
0:11:14]} 28... Nd8 {[%clk 0:11:44]} 29. Ne3 {[%clk 0:05:38]} 29... Qc6 { [%clk
0:11:49]} 30. Ra1 {[%clk 0:05:03]} 30... Ne6 {[%clk 0:11:50]} 31. h4 { [%clk
0:03:58]} 31... Nd4 {[%clk 0:11:30]} 32. cxd4 {[%clk 0:03:34]} 32... exd4
{[%clk 0:11:55]} 33. Qd2 {[%clk 0:01:40]} 33... dxe3 {[%clk 0:12:02]} 34. Rxe3
{[%clk 0:01:32]} 34... Rxe3 {[%clk 0:12:14]} 35. Bxe3 {[%clk 0:02:00]} 35...
Qxf3 {[%clk 0:12:15]} 36. Re1 {[%clk 0:01:49]} 36... Qd5 {[%clk 0:08:37]} 37.
Bf2 {[%clk 0:01:05]} 37... Rxe1 {[%clk 0:08:55]} 38. Bxe1 {[%clk 0:01:00]}
38... Qb3 {[%clk 0:09:27]} 39. Qe3 {[%clk 0:01:00]} 39... Qxb2+ {[%clk 0:09:27]
} 40. Kh3 {[%clk 0:01:26]} 40... Qe5 {[%clk 0:09:09]} 41. Qf2 {[%clk 0:22:04]}
41... Qd4 {[%clk 0:37:51]} 42. Qf3 {[%clk 0:22:04]} 42... Qxa4 {[%clk 0:37:51]}
43. Qb7 {[%clk 0:19:08]} 43... Qg4+ {[%clk 0:37:06]} 44. Kg2 {[%clk 0:19:08]}
44... Qe2+ {[%clk 0:36:59]} 45. Bf2 {[%clk 0:19:36]} 45... Qxd3 {[%clk 0:37:02]
} 46. Qxa7 {[%clk 0:19:40]} 46... Qd5+ {[%clk 0:29:18]} 47. Kf1 {[%clk 0:17:27]
} 47... c4 {[%clk 0:29:39]} 48. Qxb6 {[%clk 0:17:27]} 48... c3 {[%clk 0:29:39]}
49. h5 {[%clk 0:17:22]} 49... Qh1+ {[%clk 0:29:23]} 50. Ke2 {[%clk 0:16:37]}
50... Qxh5+ {[%clk 0:29:47]} 51. Ke1 {[%clk 0:16:57]} 51... c2 {[%clk 0:29:49]}
52. Kf1 {[%clk 0:14:47]} 52... c1=Q+ {[%clk 0:30:03]} 53. Kg2 {[%clk 0:13:07]}
53... Qch1# 0-1

[Event "ODJM A 2019"]
[Site "Willingen GER"]
[Date "2019.06.15"]
[Round "9"]
[White "Oberhofer, Cedric"]
[Black "Terhuven, Patrick"]
[Result "1-0"]
[Termination "normal"]
[Board "2"]
[WhiteElo "2243"]
[BlackElo "2192"]
[WhiteClock "00:24:53"]
[BlackClock "00:05:58"]
[PlyCount "45"]
[WhiteFideId "12941220"]
[BlackFideId "12919098"]
[EventCountry "GER"]
[EventRounds "9"]
[EventType "swiss"]
[EventDate "2019.06.08"]

1. e4 {[%clk 1:30:30]} 1... c5 {[%clk 1:30:56]} 2. Nf3 {[%clk 1:31:07]} 2... g6
{[%clk 1:31:21]} 3. d4 {[%clk 1:31:27]} 3... cxd4 {[%clk 1:31:46]} 4. Nxd4 {
[%clk 1:31:52]} 4... Nc6 {[%clk 1:32:10]} 5. Nc3 {[%clk 1:32:10]} 5... Bg7 {
[%clk 1:32:35]} 6. Be3 {[%clk 1:32:36]} 6... Nf6 {[%clk 1:32:59]} 7. Nxc6 {
[%clk 1:33:02]} 7... bxc6 {[%clk 1:33:21]} 8. e5 {[%clk 1:33:28]} 8... Ng8 {
[%clk 1:33:43]} 9. f4 {[%clk 1:33:52]} 9... Nh6 {[%clk 1:33:45]} 10. Qd2 {
[%clk 1:32:43]} 10... O-O {[%clk 1:33:25]} 11. O-O-O {[%clk 1:28:39]} 11... d6
{[%clk 1:31:19]} 12. Bc4 {[%clk 1:21:31]} 12... Nf5 {[%clk 1:15:20]} 13. Bf2 {
[%clk 1:16:37]} 13... c5 {[%clk 1:14:15]} 14. h4 {[%clk 1:09:04]} 14... Bb7 {
[%clk 1:05:19]} 15. e6 {[%clk 0:51:10]} 15... Bxg2 {[%clk 1:00:55]} 16. exf7+ {
[%clk 0:49:42]} 16... Kh8 {[%clk 1:01:08]} 17. h5 {[%clk 0:43:28]} 17... Bxh1 {
[%clk 0:59:53]} 18. Rxh1 {[%clk 0:43:50]} 18... gxh5 {[%clk 0:49:02]} 19. Ne4 {
[%clk 0:32:43]} 19... Nh6 {[%clk 0:20:32]} 20. Ng5 {[%clk 0:30:44]} 20... Qc8 {
[%clk 0:10:01]} 21. Be6 {[%clk 0:24:54]} 21... Qa6 {[%clk 0:07:48]} 22. c3 {
[%clk 0:25:00]} 22... Rab8 {[%clk 0:05:58]} 23. Qc2 {[%clk 0:24:53]} 1-0

[Event "ODJM A 2019"]
[Site "Willingen GER"]
[Date "2019.06.15"]
[Round "9"]
[White "Ortmeier, Leonhard"]
[Black "Stelmaszyk, Nico"]
[Result "1/2-1/2"]
[Termination "normal"]
[Board "3"]
[WhiteElo "2140"]
[BlackElo "2174"]
[WhiteClock "00:15:17"]
[BlackClock "00:30:02"]
[PlyCount "64"]
[WhiteFideId "12993662"]
[BlackFideId "16200462"]
[EventCountry "GER"]
[EventRounds "9"]
[EventType "swiss"]
[EventDate "2019.06.08"]

1. Nf3 {[%clk 1:30:51]} 1... d5 {[%clk 1:30:50]} 2. c4 {[%clk 1:28:22]} 2... d4
{[%clk 1:31:13]} 3. b4 {[%clk 1:26:29]} 3... g5 {[%clk 1:31:37]} 4. Bb2 { [%clk
1:20:51]} 4... Bg7 {[%clk 1:31:19]} 5. d3 {[%clk 1:16:54]} 5... g4 { [%clk
1:30:30]} 6. Nfd2 {[%clk 1:15:35]} 6... e5 {[%clk 1:30:32]} 7. Qb3 { [%clk
1:12:54]} 7... Ne7 {[%clk 1:27:44]} 8. Na3 {[%clk 1:11:03]} 8... a5 { [%clk
1:26:42]} 9. Nc2 {[%clk 1:07:15]} 9... axb4 {[%clk 1:20:19]} 10. Nxb4 { [%clk
1:05:08]} 10... Na6 {[%clk 1:19:17]} 11. Nxa6 {[%clk 1:04:47]} 11... Rxa6
{[%clk 1:19:42]} 12. g3 {[%clk 1:03:43]} 12... Bd7 {[%clk 1:12:09]} 13. Bg2 {
[%clk 0:57:14]} 13... O-O {[%clk 1:07:58]} 14. Qc2 {[%clk 0:54:57]} 14... Bc6 {
[%clk 1:07:22]} 15. O-O {[%clk 0:54:03]} 15... f5 {[%clk 1:05:51]} 16. Bxc6 {
[%clk 0:38:20]} 16... Nxc6 {[%clk 1:03:16]} 17. c5 {[%clk 0:33:50]} 17... Qd5 {
[%clk 0:59:53]} 18. Qc4 {[%clk 0:32:59]} 18... Qxc4 {[%clk 1:00:14]} 19. Nxc4 {
[%clk 0:33:21]} 19... Rfa8 {[%clk 1:00:37]} 20. Rfb1 {[%clk 0:26:58]} 20...
Rxa2 {[%clk 0:59:10]} 21. Rxa2 {[%clk 0:25:59]} 21... Rxa2 {[%clk 0:59:35]} 22.
Ba3 {[%clk 0:26:18]} 22... Nd8 {[%clk 0:56:40]} 23. c6 {[%clk 0:18:16]} 23...
bxc6 {[%clk 0:53:25]} 24. Rb8 {[%clk 0:17:50]} 24... Bf6 {[%clk 0:53:50]} 25.
Nxe5 {[%clk 0:17:11]} 25... Bxe5 {[%clk 0:33:49]} 26. Rxd8+ {[%clk 0:17:28]}
26... Kg7 {[%clk 0:34:03]} 27. Bc5 {[%clk 0:17:06]} 27... Rxe2 {[%clk 0:32:38]}
28. Bxd4 {[%clk 0:17:11]} 28... Bxd4 {[%clk 0:33:00]} 29. Rxd4 {[%clk 0:17:38]}
29... Re7 {[%clk 0:33:19]} 30. f3 {[%clk 0:15:53]} 30... h5 {[%clk 0:31:20]}
31. Kf2 {[%clk 0:15:38]} 31... Kf6 {[%clk 0:31:35]} 32. Rd8 {[%clk 0:15:17]}
32... Kg7 {[%clk 0:30:02]} 1/2-1/2

[Event "ODJM A 2019"]
[Site "Willingen GER"]
[Date "2019.06.15"]
[Round "9"]
[White "Garbuz, Vitaly"]
[Black "Kardoeus, David"]
[Result "1/2-1/2"]
[Termination "normal"]
[Board "4"]
[WhiteElo "2051"]
[BlackElo "2202"]
[WhiteClock "00:01:09"]
[BlackClock "00:01:34"]
[PlyCount "119"]
[WhiteFideId "12990710"]
[BlackFideId "12912050"]
[EventCountry "GER"]
[EventRounds "9"]
[EventType "swiss"]
[EventDate "2019.06.08"]

1. e4 {[%clk 1:30:57]} 1... c5 {[%clk 1:29:03]} 2. d4 {[%clk 1:31:23]} 2...
cxd4 {[%clk 1:29:26]} 3. c3 {[%clk 1:31:47]} 3... Nf6 {[%clk 1:29:49]} 4. e5 {
[%clk 1:32:12]} 4... Nd5 {[%clk 1:30:15]} 5. Nf3 {[%clk 1:32:39]} 5... Nc6 {
[%clk 1:30:21]} 6. Bc4 {[%clk 1:33:03]} 6... Nb6 {[%clk 1:30:16]} 7. Bb3 {
[%clk 1:33:26]} 7... e6 {[%clk 1:27:05]} 8. cxd4 {[%clk 1:32:19]} 8... d6 {
[%clk 1:27:23]} 9. O-O {[%clk 1:23:49]} 9... Be7 {[%clk 1:22:46]} 10. Nc3 {
[%clk 1:23:55]} 10... O-O {[%clk 1:18:13]} 11. Be3 {[%clk 1:22:23]} 11... dxe5
{[%clk 1:08:28]} 12. Nxe5 {[%clk 1:20:44]} 12... Bf6 {[%clk 1:06:28]} 13. Nxc6
{[%clk 1:19:40]} 13... bxc6 {[%clk 1:06:51]} 14. Ne4 {[%clk 1:19:04]} 14... Ba6
{[%clk 1:06:38]} 15. Re1 {[%clk 1:18:54]} 15... Nc4 {[%clk 1:06:38]} 16. Qe2 {
[%clk 1:05:29]} 16... Nxe3 {[%clk 1:05:58]} 17. Nxf6+ {[%clk 1:02:05]} 17...
Qxf6 {[%clk 1:06:13]} 18. Qxe3 {[%clk 1:02:03]} 18... Rfd8 {[%clk 1:01:27]} 19.
Rad1 {[%clk 1:02:13]} 19... Bb5 {[%clk 1:01:20]} 20. Qc3 {[%clk 0:58:53]} 20...
Rab8 {[%clk 0:31:57]} 21. Qc5 {[%clk 0:54:27]} 21... a5 {[%clk 0:30:50]} 22. a4
{[%clk 0:42:40]} 22... Ba6 {[%clk 0:30:45]} 23. Re3 {[%clk 0:42:29]} 23... Qf5
{[%clk 0:21:12]} 24. Re5 {[%clk 0:15:50]} 24... Qg4 {[%clk 0:19:23]} 25. h3 {
[%clk 0:13:01]} 25... Qf4 {[%clk 0:17:48]} 26. Re3 {[%clk 0:11:11]} 26... Qf5 {
[%clk 0:10:03]} 27. Qxf5 {[%clk 0:11:38]} 27... exf5 {[%clk 0:10:27]} 28. d5 {
[%clk 0:09:25]} 28... c5 {[%clk 0:07:25]} 29. Rd2 {[%clk 0:03:20]} 29... c4 {
[%clk 0:06:57]} 30. Bd1 {[%clk 0:03:25]} 30... Rd6 {[%clk 0:06:20]} 31. Re7 {
[%clk 0:03:22]} 31... Kf8 {[%clk 0:04:57]} 32. Ra7 {[%clk 0:03:00]} 32... Rb7 {
[%clk 0:03:11]} 33. Ra8+ {[%clk 0:02:30]} 33... Ke7 {[%clk 0:03:40]} 34. Kh2 {
[%clk 0:01:56]} 34... Rb4 {[%clk 0:02:20]} 35. Ra7+ {[%clk 0:01:33]} 35... Kf6
{[%clk 0:02:41]} 36. Rc7 {[%clk 0:01:21]} 36... Bb7 {[%clk 0:02:24]} 37. Rc5 {
[%clk 0:01:34]} 37... Ke7 {[%clk 0:01:34]} 38. Rxa5 {[%clk 0:01:01]} 38... Ra6
{[%clk 0:01:44]} 39. Rc5 {[%clk 0:00:37]} 39... Kd6 {[%clk 0:02:05]} 40. Rb5 {
[%clk 0:00:36]} 40... Rxb5 {[%clk 0:01:40]} 41. axb5 {[%clk 0:00:54]} 41... Rb6
{[%clk 0:01:14]} 42. Be2 {[%clk 0:00:35]} 42... Kc5 {[%clk 0:22:03]} 43. d6 {
[%clk 0:07:44]} 43... Rxd6 {[%clk 0:18:17]} 44. Rxd6 {[%clk 0:08:07]} 44...
Kxd6 {[%clk 0:18:44]} 45. Bxc4 {[%clk 0:08:30]} 45... f6 {[%clk 0:18:45]} 46.
Bg8 {[%clk 0:05:53]} 46... h6 {[%clk 0:18:45]} 47. Bf7 {[%clk 0:02:45]} 47...
Be4 {[%clk 0:17:24]} 48. Be8 {[%clk 0:02:41]} 48... Kc5 {[%clk 0:16:47]} 49.
Kg3 {[%clk 0:02:29]} 49... g5 {[%clk 0:13:51]} 50. f3 {[%clk 0:02:22]} 50...
Bd3 {[%clk 0:13:19]} 51. f4 {[%clk 0:02:02]} 51... Bxb5 {[%clk 0:08:27]} 52.
Bxb5 {[%clk 0:02:22]} 52... Kxb5 {[%clk 0:08:51]} 53. fxg5 {[%clk 0:02:13]}
53... fxg5 {[%clk 0:09:20]} 54. Kf3 {[%clk 0:01:14]} 54... Kc5 {[%clk 0:09:44]}
55. Ke3 {[%clk 0:01:30]} 55... Kc4 {[%clk 0:10:12]} 56. b4 {[%clk 0:01:04]}
56... Kxb4 {[%clk 0:03:05]} 57. Kd4 {[%clk 0:01:29]} 57... f4 {[%clk 0:03:29]}
58. Ke4 {[%clk 0:00:48]} 58... Kc4 {[%clk 0:03:16]} 59. h4 {[%clk 0:00:49]}
59... gxh4 {[%clk 0:01:34]} 60. Kxf4 {[%clk 0:01:09]} 1/2-1/2

[Event "ODJM A 2019"]
[Site "Willingen GER"]
[Date "2019.06.15"]
[Round "9"]
[White "Parvanyan, Alfred"]
[Black "Hartmann, Jakob"]
[Result "1/2-1/2"]
[Termination "normal"]
[Board "6"]
[WhiteElo "2066"]
[BlackElo "2144"]
[WhiteClock "00:18:28"]
[BlackClock "00:00:33"]
[PlyCount "82"]
[WhiteFideId "13305832"]
[BlackFideId "12918067"]
[EventCountry "GER"]
[EventRounds "9"]
[EventType "swiss"]
[EventDate "2019.06.08"]

1. g3 {[%clk 1:30:55]} 1... d5 {[%clk 1:29:55]} 2. Nf3 {[%clk 1:31:13]} 2...
Bg4 {[%clk 1:29:24]} 3. Bg2 {[%clk 1:31:29]} 3... Nd7 {[%clk 1:29:07]} 4. O-O {
[%clk 1:31:38]} 4... e6 {[%clk 1:27:37]} 5. d3 {[%clk 1:31:31]} 5... Bd6 {
[%clk 1:25:12]} 6. h3 {[%clk 1:31:05]} 6... Bxf3 {[%clk 1:19:30]} 7. Bxf3 {
[%clk 1:31:29]} 7... Ngf6 {[%clk 1:19:04]} 8. e4 {[%clk 1:31:19]} 8... O-O {
[%clk 1:14:50]} 9. Bg2 {[%clk 1:24:36]} 9... dxe4 {[%clk 0:59:35]} 10. dxe4 {
[%clk 1:24:55]} 10... Bc5 {[%clk 0:55:59]} 11. Qe2 {[%clk 1:23:52]} 11... e5 {
[%clk 0:54:14]} 12. a4 {[%clk 1:20:33]} 12... a5 {[%clk 0:52:26]} 13. Nd2 {
[%clk 1:20:14]} 13... c6 {[%clk 0:48:44]} 14. Nc4 {[%clk 1:14:23]} 14... Re8 {
[%clk 0:46:24]} 15. Rd1 {[%clk 1:12:14]} 15... Qc7 {[%clk 0:34:30]} 16. Bd2 {
[%clk 0:54:50]} 16... b6 {[%clk 0:28:35]} 17. Ne3 {[%clk 0:52:11]} 17... Nf8 {
[%clk 0:27:06]} 18. Nf5 {[%clk 0:52:20]} 18... Ne6 {[%clk 0:26:23]} 19. c3 {
[%clk 0:49:24]} 19... Red8 {[%clk 0:24:29]} 20. Qf3 {[%clk 0:43:02]} 20... Ne8
{[%clk 0:19:27]} 21. Qg4 {[%clk 0:38:45]} 21... Rd7 {[%clk 0:17:16]} 22. Bg5 {
[%clk 0:33:36]} 22... Rxd1+ {[%clk 0:14:45]} 23. Rxd1 {[%clk 0:34:00]} 23...
Nxg5 {[%clk 0:12:36]} 24. Qxg5 {[%clk 0:34:26]} 24... f6 {[%clk 0:10:21]} 25.
Qg4 {[%clk 0:31:35]} 25... Rd8 {[%clk 0:09:07]} 26. Bf1 {[%clk 0:27:01]} 26...
Rxd1 {[%clk 0:06:09]} 27. Qxd1 {[%clk 0:27:25]} 27... Nd6 {[%clk 0:04:54]} 28.
Nxd6 {[%clk 0:25:39]} 28... Qxd6 {[%clk 0:04:30]} 29. Bc4+ {[%clk 0:22:39]}
29... Kh8 {[%clk 0:03:48]} 30. Qg4 {[%clk 0:12:56]} 30... g6 {[%clk 0:01:49]}
31. Qe6 {[%clk 0:07:43]} 31... Qxe6 {[%clk 0:00:46]} 32. Bxe6 {[%clk 0:08:09]}
32... Bd6 {[%clk 0:00:45]} 33. Bd7 {[%clk 0:08:16]} 33... c5 {[%clk 0:00:53]}
34. Kf1 {[%clk 0:08:12]} 34... Kg7 {[%clk 0:00:47]} 35. Ke2 {[%clk 0:08:35]}
35... Kf7 {[%clk 0:00:46]} 36. Kd3 {[%clk 0:08:41]} 36... Ke7 {[%clk 0:00:49]}
37. Bc8 {[%clk 0:07:39]} 37... Bc7 {[%clk 0:00:42]} 38. Kc4 {[%clk 0:07:38]}
38... Kd6 {[%clk 0:00:50]} 39. h4 {[%clk 0:04:06]} 39... Bd8 {[%clk 0:00:45]}
40. Kb5 {[%clk 0:01:42]} 40... Bc7 {[%clk 0:00:33]} 41. Bh3 {[%clk 0:18:28]}
41... Bd8 1/2-1/2

[Event "ODJM A 2019"]
[Site "Willingen GER"]
[Date "2019.06.15"]
[Round "9"]
[White "Dette, Jan"]
[Black "Hesse, Henrik"]
[Result "1-0"]
[Termination "normal"]
[Board "7"]
[WhiteElo "2116"]
[BlackElo "2166"]
[WhiteClock "00:19:27"]
[BlackClock "00:00:34"]
[PlyCount "79"]
[WhiteFideId "12936677"]
[BlackFideId "12952060"]
[EventCountry "GER"]
[EventRounds "9"]
[EventType "swiss"]
[EventDate "2019.06.08"]

1. c4 {[%clk 1:30:58]} 1... Nf6 {[%clk 1:30:45]} 2. g3 {[%clk 1:31:22]} 2... e6
{[%clk 1:30:53]} 3. Bg2 {[%clk 1:31:46]} 3... d5 {[%clk 1:30:44]} 4. Nf3 {
[%clk 1:32:06]} 4... Be7 {[%clk 1:30:46]} 5. O-O {[%clk 1:32:29]} 5... O-O {
[%clk 1:28:17]} 6. b3 {[%clk 1:32:55]} 6... d4 {[%clk 1:28:06]} 7. Bb2 { [%clk
1:07:08]} 7... c5 {[%clk 1:28:04]} 8. b4 {[%clk 1:05:34]} 8... Qb6 { [%clk
1:17:00]} 9. Qb3 {[%clk 1:05:05]} 9... Rd8 {[%clk 1:10:50]} 10. bxc5 { [%clk
1:04:10]} 10... Bxc5 {[%clk 1:03:33]} 11. d3 {[%clk 1:03:44]} 11... Nc6 { [%clk
1:03:33]} 12. Nbd2 {[%clk 1:03:19]} 12... h6 {[%clk 0:55:53]} 13. Ba3 { [%clk
1:00:35]} 13... Nb4 {[%clk 0:41:35]} 14. Bxb4 {[%clk 0:56:50]} 14... Bxb4
{[%clk 0:40:45]} 15. Rab1 {[%clk 0:56:28]} 15... Bc3 {[%clk 0:40:52]} 16. Qa3 {
[%clk 0:50:26]} 16... Qc7 {[%clk 0:37:34]} 17. Nb3 {[%clk 0:47:54]} 17... e5 {
[%clk 0:30:01]} 18. Qc5 {[%clk 0:47:50]} 18... Qxc5 {[%clk 0:29:41]} 19. Nxc5 {
[%clk 0:48:14]} 19... e4 {[%clk 0:29:49]} 20. dxe4 {[%clk 0:41:08]} 20... b6 {
[%clk 0:24:57]} 21. e5 {[%clk 0:41:06]} 21... Bf5 {[%clk 0:23:22]} 22. Rb5 {
[%clk 0:38:11]} 22... bxc5 {[%clk 0:15:24]} 23. exf6 {[%clk 0:34:58]} 23... d3
{[%clk 0:11:46]} 24. exd3 {[%clk 0:32:35]} 24... Bxd3 {[%clk 0:11:06]} 25. Rc1
{[%clk 0:31:32]} 25... Bxf6 {[%clk 0:04:07]} 26. Ne1 {[%clk 0:30:47]} 26...
Rac8 {[%clk 0:04:24]} 27. Nxd3 {[%clk 0:31:02]} 27... Rxd3 {[%clk 0:04:48]} 28.
Rb7 {[%clk 0:30:27]} 28... Rd2 {[%clk 0:02:14]} 29. Rxa7 {[%clk 0:28:33]} 29...
Bd4 {[%clk 0:02:04]} 30. Rf1 {[%clk 0:28:43]} 30... Rb8 {[%clk 0:00:47]} 31.
Bd5 {[%clk 0:27:48]} 31... Rbb2 {[%clk 0:00:49]} 32. Rxf7 {[%clk 0:28:06]}
32... Rxa2 {[%clk 0:00:37]} 33. h4 {[%clk 0:25:00]} 33... Kh7 {[%clk 0:00:42]}
34. h5 {[%clk 0:23:29]} 34... Ra6 {[%clk 0:00:47]} 35. Rf8 {[%clk 0:22:55]}
35... g5 {[%clk 0:00:42]} 36. Rf7+ {[%clk 0:22:34]} 36... Bg7 {[%clk 0:01:11]}
37. Re1 {[%clk 0:22:24]} 37... Rf6 {[%clk 0:00:48]} 38. Ra7 {[%clk 0:19:07]}
38... Rfxf2 {[%clk 0:00:36]} 39. Ree7 {[%clk 0:19:06]} 39... Kh8 { [%clk
0:00:34]} 40. Rxg7 {[%clk 0:19:27]} 1-0

[Event "ODJM A 2019"]
[Site "Willingen GER"]
[Date "2019.06.15"]
[Round "9"]
[White "Ronge, Tim"]
[Black "Müller, Magnus"]
[Result "1-0"]
[Termination "normal"]
[Board "9"]
[WhiteElo "2143"]
[BlackElo "1837"]
[WhiteClock "00:16:03"]
[BlackClock "00:08:37"]
[PlyCount "69"]
[WhiteFideId "12955418"]
[BlackFideId "16230060"]
[EventCountry "GER"]
[EventRounds "9"]
[EventType "swiss"]
[EventDate "2019.06.08"]

1. d4 {[%clk 1:30:57]} 1... d5 {[%clk 1:28:17]} 2. c4 {[%clk 1:31:15]} 2... e6
{[%clk 1:28:44]} 3. Nc3 {[%clk 1:31:38]} 3... Nf6 {[%clk 1:28:58]} 4. cxd5 {
[%clk 1:32:01]} 4... Nxd5 {[%clk 1:29:24]} 5. e4 {[%clk 1:32:23]} 5... Nxc3 {
[%clk 1:29:51]} 6. bxc3 {[%clk 1:32:48]} 6... c5 {[%clk 1:30:18]} 7. Rb1 {
[%clk 1:33:13]} 7... Be7 {[%clk 1:23:48]} 8. Nf3 {[%clk 1:33:35]} 8... O-O {
[%clk 1:14:14]} 9. Bd3 {[%clk 1:34:00]} 9... Qc7 {[%clk 1:13:51]} 10. O-O {
[%clk 1:34:12]} 10... b6 {[%clk 1:11:15]} 11. Qe2 {[%clk 1:34:30]} 11... Bb7 {
[%clk 1:08:07]} 12. Re1 {[%clk 1:31:25]} 12... Nd7 {[%clk 0:57:25]} 13. d5 {
[%clk 1:29:58]} 13... exd5 {[%clk 0:55:10]} 14. exd5 {[%clk 1:28:42]} 14...
Rae8 {[%clk 0:51:23]} 15. c4 {[%clk 1:28:29]} 15... Nf6 {[%clk 0:48:09]} 16.
Bb2 {[%clk 1:26:34]} 16... g6 {[%clk 0:43:48]} 17. Qd2 {[%clk 1:20:32]} 17...
Nh5 {[%clk 0:38:49]} 18. Ne5 {[%clk 0:54:00]} 18... Bf6 {[%clk 0:28:55]} 19. f4
{[%clk 0:49:24]} 19... Bg7 {[%clk 0:24:28]} 20. g3 {[%clk 0:46:15]} 20... Qd6 {
[%clk 0:20:26]} 21. Bc3 {[%clk 0:33:51]} 21... Re7 {[%clk 0:16:52]} 22. a4 {
[%clk 0:31:23]} 22... Rfe8 {[%clk 0:16:38]} 23. a5 {[%clk 0:30:52]} 23... Nf6 {
[%clk 0:16:27]} 24. Bc2 {[%clk 0:28:04]} 24... Nd7 {[%clk 0:14:15]} 25. Ba4 {
[%clk 0:27:34]} 25... Bc8 {[%clk 0:09:57]} 26. axb6 {[%clk 0:24:16]} 26... axb6
{[%clk 0:10:22]} 27. Qb2 {[%clk 0:22:50]} 27... Qf6 {[%clk 0:08:01]} 28. Bxd7 {
[%clk 0:18:44]} 28... Bxd7 {[%clk 0:08:22]} 29. Qxb6 {[%clk 0:17:08]} 29... Qf5
{[%clk 0:08:44]} 30. Qxc5 {[%clk 0:16:12]} 30... f6 {[%clk 0:08:08]} 31. Nxd7 {
[%clk 0:16:06]} 31... Rxe1+ {[%clk 0:08:14]} 32. Rxe1 {[%clk 0:16:32]} 32...
Rxe1+ {[%clk 0:08:27]} 33. Bxe1 {[%clk 0:16:58]} 33... Qxd7 {[%clk 0:08:46]}
34. Bb4 {[%clk 0:15:57]} 34... Qe8 {[%clk 0:08:37]} 35. Qe7 {[%clk 0:16:03]}
1-0